April 20th: Birthdays - Statistics

General Stats
  • This quiz has been taken 13 times
  • The average score is 3 of 7
Answer Stats
Year Clue Answer % Correct
1889 German/Austrian Dictator Adolf Hitler
100%
1808 Emperor of France Napoleon III
75%
1949 Actress in King-Kong Jessica Lange
58%
1937 Actor in Sulu-Star Trek George Takei
50%
1961 First Baseman for the NYY Don Mattingly
33%
1997 US Open 2020 runner-up Alexander Zverev
17%
1972 Actress in Meet the Spartans Carmen Electra
8%
No matching quizzes found
Score Distribution
Percent of People with Each Score
Percentile by Number Answered
Your Score History
You have not taken this quiz